| 000 | 00349nam a2200145Ia 4500 | ||
|---|---|---|---|
| 008 | 230917s9999||||xx |||||||||||||| ||und|| | ||
| 040 |
_e101488 _aMAIN |
||
| 041 | _aEnglish | ||
| 082 | _a005.133 D643M | ||
| 100 | _aDixit, J B | ||
| 245 | 0 | _aMastering C++ programs | |
| 260 |
_aNew Delhi _bFirewall Media _c2003 |
||
| 300 | _a598 p. | ||
| 942 | _cBK | ||
| 999 |
_c111034 _d111034 |
||